KPop Demon Hunters Soundtrack Tracklist - Statistics

General Stats
  • This quiz has been taken 342 times
    101 since last reset
  • The average score is 9 of 14
Answer Stats
# Title Artist % Correct
5 Golden HUNTR/X
96%
9 Free Rumi & Jinu
95%
4 Soda Pop Saja Boys
95%
3 How It's Done HUNTR/X
94%
8 Your Idol Saja Boys
94%
7 Takedown HUNTR/X
92%
13 TAKEDOWN TWICE
92%
10 What It Sounds Like HUNTR/X
86%
6 Strategy TWICE
66%
2 Jinu's Lament Jinu
38%
11 사랑인가 봐 MeloMance
25%
14 Score Suite Marcelo Zarvos
25%
12 오솔길 죠커스
18%
1 Prologue (Hunter's Mantra) Marcelo Zarvos
15%
No matching quizzes found
Score Distribution
Percent of People with Each Score
Percentile by Number Answered
Your Score History
You have not taken this quiz since the last reset